000 00548nam a2200193Ia 4500
003 IN-BaIIA
008 211028s9999 xx 000 0 eng d
020 _a978-0486636122
040 _cIIA Library
080 _a517
_bSYN
100 _aSynge, J. L.
_95185
245 0 _aTensor calculus
_cJ. L. Synge and A. Schild
260 _aNew York
_bDover Publications
_c1978
300 _aix, 324p.
650 _aElectrodynamics
_92319
650 _aElectrostatistics
_932417
700 _aSchild, A.
_932418
942 _cBK
999 _c17207
_d17207